Jusqu'où irez vous ? #29 (Culture Générale) - Statistiques

Statistiques générales
  • Ce quiz a été pris 135 fois
  • Le résultat moyen est 9 sur 21
Statistiques - réponses
Hint Réponse % Correct
À 20 près (entre 30 et 79 inclus), complétez le nom du film français biographique historique produit par Christian Ardan : Hiver _ _, l'abbé Pierre 54
100%
À 19 près (entre 30 et 79 inclus), donnez le numéro atomique du zinc 30
95%
À 18 près (entre 30 et 79 inclus), complétez l'année de la création de la Nasa : 19_ _ 58
90%
À 17 près (entre 30 et 79 inclus), donnez le nombre total de combinaisons possibles de deux cartes distinctes dans un jeu de 12 cartes, peu importe l'ordre de la combinaison = _ _ 66
84%
À 16 près (entre 30 et 79 inclus), donnez le meilleur classement ATP en simple qu'a obtenu le tennisman français Guillaume Raoux dans sa carrière (c'était le 08/06/1998) : _ _ 35
81%
À 15 près (entre 30 et 79 inclus), complétez l'année de la mort de Mike Brant : 19 _ _ 75
74%
À 14 près (entre 30 et 79 inclus), complétez la taille de Mimie Mathy d'après wikipédia, qui est atteinte d'achondroplasie : 1m _ _ 32
73%
À 13 près (entre 30 et 79 inclus), donnez le nombre d'habitants au km carré dans le département du Gers 31
63%
À 12 près (entre 30 et 79 inclus), complétez l'année de naissance de Brigitte Fontaine : 19_ _ 39
58%
À 11 près (entre 30 et 79 inclus), complétez l'année d'ouverture du Centre Pompidou à Paris : 19_ _ 77
52%
À 10 près (entre 30 et 79 inclus), donnez le numéro du département français où se trouvent les communes de Capbreton, Soustons et Aire-sur-l'Adour : _ _ 40
47%
À 9 près (entre 30 et 79 inclus), complétez le nom de la chanson du groupe de rock alternatif The Smashing Pumpkins, issue de l'album Mellon Collie and the Infinite Sadness : 19 _ _ 79
27%
À 8 près (entre 30 et 79 inclus), donnez le nombre en milliers de places au stade Vélodrome en configuration football : _ _ 67
17%
À 7 près (entre 30 et 79 inclus), donnez l'âge auquel Johnny Hallyday est mort 74
17%
À 6 près (entre 30 et 79 inclus), donnez le nombre d'hommes qui ont signé la déclaration d'indépendance des États-Unis du 4 juillet 1776 : _ _ 56
13%
À 5 près (entre 30 et 79 inclus), donnez le nombre de numéros qu'il y a au total au Loto français (parmi lesquels on peut choisir pour faire sa grille dans le loto télévisé de la Française des jeux) 49
7%
À 4 près (entre 30 et 79 inclus), donnez l'indicatif téléphonique international pour appeler la Suisse : _ _ 41
5%
À 3 près (entre 30 et 79 inclus), donnez le numéro de la voiture coccinelle, héroïne d'une série de films produits par les studios Disney dans les années 60 et 70 53
4%
À 2 près (entre 30 et 79 inclus), donnez la racine carrée de 3481 59
4%
À 1 près (entre 30 et 79 inclus), complétez l'année de la disparition du Front Populaire (celui de Léon Blum) : 19 _ _ 38
3%
Dernière question sans marge d'erreur, (toujours compris entre 30 et 79 inclus), donnez la place à laquelle a fini Lance Armstrong lors du premier tour de France qu'il a terminé en 1995 : _ _ 36
0%
Aucun quiz correspondant
Distribution des résultats
% des personnes avec chaque résultat
Percentile par nombre de réponses
Votre historique - résultats
Vous n’avez pas pris ce quiz